000 00482nam a2200181Ia 4500
005 20250508151446.0
008 008 250505s9999 xx 000 0 eng d
037 _aTextual
040 _aFEDL
_beng
_cFEDL
041 _aeng
_2eng
084 _a796.52, HUN
_qFEDL
100 _aHunt John
245 0 _aAscent of everest
260 _aLondon, UK
_bUniversity of London Press
_c1954
300 _a160p.
942 _cTEXL
_h796.52, HUN
999 _c1329941
_d1329941